<?xml version="1.0" encoding="UTF-8"?>
<record
    xmlns:xsi="http://www.w3.org/2001/XMLSchema-instance"
    xsi:schemaLocation="http://www.loc.gov/MARC21/slim http://www.loc.gov/standards/marcxml/schema/MARC21slim.xsd"
    xmlns="http://www.loc.gov/MARC21/slim">

  <leader>00697nam a22002297a 4500</leader>
  <controlfield tag="003">OSt</controlfield>
  <controlfield tag="005">20150408114135.0</controlfield>
  <controlfield tag="008">130803s2012    stka   f      001 0 eng d</controlfield>
  <datafield tag="020" ind1=" " ind2=" ">
    <subfield code="a">9780723437048</subfield>
  </datafield>
  <datafield tag="040" ind1=" " ind2=" ">
    <subfield code="a">Ma-Un</subfield>
  </datafield>
  <datafield tag="082" ind1="0" ind2="0">
    <subfield code="2">22</subfield>
    <subfield code="a">616.0756</subfield>
    <subfield code="b">MWC</subfield>
  </datafield>
  <datafield tag="100" ind1="1" ind2=" ">
    <subfield code="a"> Marshall, William J.,</subfield>
    <subfield code="c">ph. D.</subfield>
    <subfield code="9">36322</subfield>
  </datafield>
  <datafield tag="245" ind1="1" ind2="0">
    <subfield code="a">Clinical chemistry /</subfield>
    <subfield code="c">William J. Marshall, Stephen K. Bangert, Marta lapsley.</subfield>
  </datafield>
  <datafield tag="250" ind1=" " ind2=" ">
    <subfield code="a">7th ed.</subfield>
  </datafield>
  <datafield tag="260" ind1=" " ind2=" ">
    <subfield code="a">Edinburgh :</subfield>
    <subfield code="b">Mosby/Elsevier,</subfield>
    <subfield code="c">2012.</subfield>
  </datafield>
  <datafield tag="300" ind1=" " ind2=" ">
    <subfield code="a">367 p. :</subfield>
    <subfield code="b">ill &#x61B;</subfield>
    <subfield code="c">24 cm.</subfield>
  </datafield>
  <datafield tag="500" ind1=" " ind2=" ">
    <subfield code="a">icluding indexs.</subfield>
  </datafield>
  <datafield tag="650" ind1=" " ind2="0">
    <subfield code="a">Clinical chemistry</subfield>
    <subfield code="v">Case studies</subfield>
    <subfield code="9">36323</subfield>
  </datafield>
  <datafield tag="700" ind1="1" ind2=" ">
    <subfield code="a"> Bangert, S. K.</subfield>
    <subfield code="9">36324</subfield>
  </datafield>
  <datafield tag="700" ind1="1" ind2=" ">
    <subfield code="a">Lapsley, Marta</subfield>
    <subfield code="9">36153</subfield>
  </datafield>
  <datafield tag="942" ind1=" " ind2=" ">
    <subfield code="2">ddc</subfield>
    <subfield code="c">BOOK</subfield>
  </datafield>
  <datafield tag="999" ind1=" " ind2=" ">
    <subfield code="c">30242</subfield>
    <subfield code="d">264742</subfield>
  </datafield>
  <datafield tag="952" ind1=" " ind2=" ">
    <subfield code="1">0</subfield>
    <subfield code="2">2013-08-03</subfield>
    <subfield code="4">0</subfield>
    <subfield code="7">1</subfield>
    <subfield code="a">616.0756 MWC</subfield>
    <subfield code="c">1</subfield>
    <subfield code="d">2013-08-03</subfield>
    <subfield code="h">CL</subfield>
    <subfield code="i">00206009</subfield>
    <subfield code="m">CL</subfield>
    <subfield code="r">2013-08-03 00:00:00</subfield>
    <subfield code="t">BOOK</subfield>
    <subfield code="w">ddc</subfield>
    <subfield code="y">0</subfield>
  </datafield>
  <datafield tag="952" ind1=" " ind2=" ">
    <subfield code="1">0</subfield>
    <subfield code="2">2013-08-03</subfield>
    <subfield code="4">0</subfield>
    <subfield code="7">0</subfield>
    <subfield code="a">616.0756 MWC</subfield>
    <subfield code="c">2</subfield>
    <subfield code="d">2013-08-03</subfield>
    <subfield code="h">CL</subfield>
    <subfield code="i">00205985</subfield>
    <subfield code="m">CL</subfield>
    <subfield code="r">2013-08-03 00:00:00</subfield>
    <subfield code="t">BOOK</subfield>
    <subfield code="w">ddc</subfield>
    <subfield code="y">0</subfield>
  </datafield>
  <datafield tag="952" ind1=" " ind2=" ">
    <subfield code="1">0</subfield>
    <subfield code="2">2013-08-03</subfield>
    <subfield code="4">0</subfield>
    <subfield code="7">0</subfield>
    <subfield code="a">616.0756 MWC</subfield>
    <subfield code="c">3</subfield>
    <subfield code="d">2013-08-03</subfield>
    <subfield code="h">CL</subfield>
    <subfield code="i">00206010</subfield>
    <subfield code="m">CL</subfield>
    <subfield code="r">2013-08-03 00:00:00</subfield>
    <subfield code="t">BOOK</subfield>
    <subfield code="w">ddc</subfield>
    <subfield code="y">0</subfield>
  </datafield>
  <datafield tag="952" ind1=" " ind2=" ">
    <subfield code="1">0</subfield>
    <subfield code="2">2013-08-03</subfield>
    <subfield code="4">0</subfield>
    <subfield code="7">1</subfield>
    <subfield code="a">616.0756 MWC</subfield>
    <subfield code="c">1</subfield>
    <subfield code="d">2013-08-03</subfield>
    <subfield code="h">SZM</subfield>
    <subfield code="i">00206008</subfield>
    <subfield code="m">SZM</subfield>
    <subfield code="r">2013-08-03 00:00:00</subfield>
    <subfield code="t">BOOK</subfield>
    <subfield code="w">ddc</subfield>
    <subfield code="y">0</subfield>
  </datafield>
  <datafield tag="952" ind1=" " ind2=" ">
    <subfield code="1">0</subfield>
    <subfield code="2">2013-08-03</subfield>
    <subfield code="4">0</subfield>
    <subfield code="7">0</subfield>
    <subfield code="a">616.0756 MWC</subfield>
    <subfield code="c">2</subfield>
    <subfield code="d">2013-08-03</subfield>
    <subfield code="h">CL</subfield>
    <subfield code="i">00206007`</subfield>
    <subfield code="m">CL</subfield>
    <subfield code="r">2013-08-03 00:00:00</subfield>
    <subfield code="t">BOOK</subfield>
    <subfield code="w">ddc</subfield>
    <subfield code="y">0</subfield>
  </datafield>
  <datafield tag="952" ind1=" " ind2=" ">
    <subfield code="1">0</subfield>
    <subfield code="2">2013-10-31</subfield>
    <subfield code="4">0</subfield>
    <subfield code="7">0</subfield>
    <subfield code="a">616.0756 MWC</subfield>
    <subfield code="d">2013-10-31</subfield>
    <subfield code="h">AMF</subfield>
    <subfield code="i">00403165</subfield>
    <subfield code="m">AMF</subfield>
    <subfield code="r">2013-10-31 00:00:00</subfield>
    <subfield code="t">BOOK</subfield>
    <subfield code="w">ddc</subfield>
    <subfield code="y">0</subfield>
  </datafield>
  <datafield tag="952" ind1=" " ind2=" ">
    <subfield code="1">0</subfield>
    <subfield code="2">2013-10-31</subfield>
    <subfield code="4">0</subfield>
    <subfield code="7">0</subfield>
    <subfield code="a">616.0756 MWC</subfield>
    <subfield code="d">2013-10-31</subfield>
    <subfield code="h">AMF</subfield>
    <subfield code="i">00403166</subfield>
    <subfield code="m">AMF</subfield>
    <subfield code="q">2025-01-28</subfield>
    <subfield code="r">2025-01-28 00:00:00</subfield>
    <subfield code="s">2025-04-29</subfield>
    <subfield code="t">BOOK</subfield>
    <subfield code="w">ddc</subfield>
    <subfield code="y">1</subfield>
  </datafield>
  <datafield tag="952" ind1=" " ind2=" ">
    <subfield code="1">0</subfield>
    <subfield code="2">2013-10-31</subfield>
    <subfield code="4">0</subfield>
    <subfield code="7">0</subfield>
    <subfield code="a">616.0756 MWC</subfield>
    <subfield code="d">2013-10-31</subfield>
    <subfield code="h">AMF</subfield>
    <subfield code="i">00403167</subfield>
    <subfield code="m">AMF</subfield>
    <subfield code="o">1</subfield>
    <subfield code="q">2023-01-10</subfield>
    <subfield code="r">2023-01-10 00:00:00</subfield>
    <subfield code="s">2025-01-16</subfield>
    <subfield code="t">BOOK</subfield>
    <subfield code="w">ddc</subfield>
    <subfield code="y">1</subfield>
  </datafield>
  <datafield tag="952" ind1=" " ind2=" ">
    <subfield code="1">0</subfield>
    <subfield code="2">2013-10-31</subfield>
    <subfield code="4">0</subfield>
    <subfield code="7">0</subfield>
    <subfield code="a">616.0756 MWC</subfield>
    <subfield code="d">2013-10-31</subfield>
    <subfield code="h">SGM</subfield>
    <subfield code="i">00403168</subfield>
    <subfield code="m">SGM</subfield>
    <subfield code="o">1</subfield>
    <subfield code="q">2013-12-24</subfield>
    <subfield code="r">2014-04-24 00:00:00</subfield>
    <subfield code="t">BOOK</subfield>
    <subfield code="w">ddc</subfield>
    <subfield code="y">1</subfield>
  </datafield>
  <datafield tag="952" ind1=" " ind2=" ">
    <subfield code="1">0</subfield>
    <subfield code="2">2013-10-31</subfield>
    <subfield code="4">0</subfield>
    <subfield code="7">0</subfield>
    <subfield code="a">616.0756 MWC</subfield>
    <subfield code="d">2013-10-31</subfield>
    <subfield code="h">SGM</subfield>
    <subfield code="i">00403169</subfield>
    <subfield code="m">SGM</subfield>
    <subfield code="r">2013-10-31 00:00:00</subfield>
    <subfield code="t">BOOK</subfield>
    <subfield code="w">ddc</subfield>
    <subfield code="y">0</subfield>
  </datafield>
</record>
